000 00449nam a2200169Ia 4500
003 GCL
008 140319s9999 xx 000 0 eng d
040 _aGCL /
_cGCL
082 0 4 _aCC
_b050.941
_bD S
100 1 _aD. G. A.
245 1 0 _aSUMER: ANNUAL, TOME 32,1976 /
_cD. G. A.
260 _a[S.N] :
_bTHE DIRECTORATE GENERAL OF ANTIQUITIES ،
_c1976
300 _a216-432 PP
650 0 4 _aARCHAEOLOGY
650 0 4 _aPERIODICALS
942 _2ddc
_cBK
999 _c17771
_d17771